[Event "Landesliga U20 Sued 1718"]
[Site "Bayern"]
[Date "2017.12.02"]
[Round "2.3"]
[White "Goderbauer, Lukas"]
[Black "Duca, Andreas"]
[Result "0-1"]
[WhiteElo "1422"]
[BlackElo "1291"]
[PlyCount "87"]
[EventDate "2017.11.18"]
[EventType "team-tourn"]
[EventRounds "7"]
[EventCountry "GER"]
[SourceTitle "EXT 2022"]
[Source "ChessBase"]
[SourceDate "2021.10.06"]
[SourceVersion "1"]
[SourceVersionDate "2021.10.06"]
[SourceQuality "1"]
[WhiteTeam "Moosburg SC U20"]
[BlackTeam "Haar U20"]
[WhiteTeamCountry "GER"]
[BlackTeamCountry "GER"]

1. e4 d6 2. d4 g6 3. Nf3 Bg7 4. Nc3 Nf6 5. Bc4 c6 6. 0-0 b5 7. Bd3 a6 8. Re1 c5 9. dxc5 dxc5 10. Nd5 Nxd5 11. exd5 c4 12. Bf1 0-0 13. Qe2 e6 14. dxe6 Bxe6 15. c3 Re8 16. Ng5 Nd7 17. Nxe6 Rxe6 18. Be3 Bh6 19. Qf3 Bxe3 20. Rxe3 Rxe3 21. Qxe3 Qe8 22. Re1 Qxe3 23. Rxe3 Kf8 24. g3 Re8 25. Rxe8+ Kxe8 26. b3 cxb3 27. axb3 Ne5 28. Be2 Kd7 29. f4 Nc6 30. Kf2 Ne7 31. Bf3 Kd6 32. Ke3 Nd5+ 33. Kd4 Nb6 34. Bb7 a5 35. c4 bxc4 36. bxc4 a4 37. c5+ Kc7 38. Be4 Nd7 39. g4 Nf6 40. Bf3 h5 41. gxh5 Nxh5 42. Ke5 f6+ 43. Ke6 Nxf4+ 44. Kxf6 0-1